| 000 | 00990nam a2200253Ia 4500 | ||
|---|---|---|---|
| 999 |
_c3289 _d3289 |
||
| 003 | OSt | ||
| 005 | 20200330125837.0 | ||
| 008 | 191128s2008 ck a ar 000 0 spa d | ||
| 020 | _a9789587046298 | ||
| 040 |
_aCO-JMCR _cCO-JMCR |
||
| 041 | 1 | 0 | _aspa |
| 082 | 0 | 4 |
_aA / _bROMf |
| 100 | 1 |
_aRomán, Celso, _d1947 _eautor _92082 |
|
| 245 | 0 | 4 |
_aLos fantasmas de mi cuarto / _cCelso Román ; Ilustraciones de Alekos |
| 250 | _aPrimera edición | ||
| 260 |
_aBogotá : _bAlfaguara, _c©2008 |
||
| 300 |
_a21 páginas : _bIlustraciones a color ; _c19 cm. |
||
| 490 | _aAlfaguara infantil | ||
| 500 | _aIncluye datos biográficos del autor en la ultima página | ||
| 520 | 0 | _aEntrada la noche, mi cuarto se oscurece... y ahí es cuando aparecen monstruos, bichos y ¡mil sustos! Nunca un cuarto es tan tenebroso como cuando queda oscuro. Pero siempre está el amor de mamá para resolverlo todo. | |
| 546 | _aspa | ||
| 650 | 1 | 4 |
_aFantasmas en la literatura-- _xalbum _92083 |
| 942 |
_2ddc _cBK |
||